000 00429nam a2200121Ia 4500
008 250110s9999 xx 000 0 und d
041 _aeng
100 _aShingte Shalaka
_9182645
245 _aPrison As A Reformation Centre : Reintegrating The Anti Social With The Social To Transit From Retribution To Reformation
260 _bFinal Year B.Arch ID, Pune
_c2014
300 _a160p
700 _aGuide Name:Murugkar Kavita
_9210320
999 _c363512
_d363512